[Event "Canadian op U2200"]
[Site "Sault Ste Marie"]
[Date "2017.07.13"]
[Round "6"]
[White "Zapata, Julian"]
[Black "Warusawitharana, Missaka N"]
[Result "0-1"]
[WhiteElo "1876"]
[BlackElo "2178"]
[PlyCount "94"]
[EventDate "2017.07.11"]
[EventType "swiss"]
[EventRounds "9"]
[EventCountry "CAN"]
[SourceTitle "EXT 2022"]
[Source "ChessBase"]
[SourceDate "2021.10.06"]
[SourceVersion "1"]
[SourceVersionDate "2021.10.06"]
[SourceQuality "1"]

1. e4 e5 2. Nf3 Nc6 3. Bc4 Bc5 4. d3 Nf6 5. Bg5 h6 6. Be3 Bb6 7. h3 d5 8. exd5 Nxd5 9. Bxd5 Qxd5 10. Bxb6 axb6 11. Nc3 Qc5 12. 0-0 0-0 13. Re1 Bf5 14. a3 Rfe8 15. Qd2 Nd4 16. Nxd4 exd4 17. Ne4 Qb5 18. b3 Qd5 19. Qf4 Bxe4 20. Rxe4 Rxe4 21. Qxe4 Qxe4 22. dxe4 b5 23. Kf1 Kf8 24. Ke2 Ke7 25. Kd3 c5 26. c3 dxc3 27. Kxc3 Rxa3 28. Rxa3 b4+ 29. Kb2 bxa3+ 30. Kxa3 b5 31. Kb2 Kd6 32. f4 g5 33. g3 gxf4 34. gxf4 c4 35. bxc4 bxc4 36. Kc3 Kc5 37. h4 h5 38. f5 f6 39. e5 fxe5 40. Kd2 e4 41. Ke3 c3 42. f6 Kd6 43. Kxe4 c2 44. Kf5 c1Q 45. Kg6 Qf4 46. f7 Ke7 47. Kxh5 Qxf7+ 0-1

[Event "Canadian op U2200"]
[Site "Sault Ste Marie"]
[Date "2017.07.11"]
[Round "2"]
[White "Kang, Dorian"]
[Black "Warusawitharana, Missaka N"]
[Result "0-1"]
[WhiteElo "2026"]
[BlackElo "2178"]
[PlyCount "120"]
[EventDate "2017.07.11"]
[EventType "swiss"]
[EventRounds "9"]
[EventCountry "CAN"]
[SourceTitle "EXT 2022"]
[Source "ChessBase"]
[SourceDate "2021.10.06"]
[SourceVersion "1"]
[SourceVersionDate "2021.10.06"]
[SourceQuality "1"]

1. c4 e6 2. Nc3 d5 3. d4 Nf6 4. Bg5 Be7 5. Nf3 0-0 6. e3 h6 7. Bh4 b6 8. cxd5 Nxd5 9. Bxe7 Qxe7 10. e4 Nxc3 11. bxc3 c5 12. Bd3 Nd7 13. 0-0 Bb7 14. Re1 cxd4 15. cxd4 Nf6 16. Rc1 Rac8 17. Rxc8 Rxc8 18. Ne5 Qb4 19. Bb1 Qb2 20. f3 Rd8 21. h3 Rxd4 22. Qc1 Qxc1 23. Rxc1 Nd7 24. Nxd7 Rxd7 25. Kf2 Kf8 26. Ke3 Ba6 27. e5 Ke7 28. Be4 Kd8 29. f4 Bb7 30. Bxb7 Rxb7 31. Rc2 Rc7 32. Rd2+ Kc8 33. Kf3 Rd7 34. Rc2+ Kb7 35. Ke3 b5 36. Rb2 Kb6 37. a4 a6 38. axb5 axb5 39. Rc2 b4 40. Rc8 h5 41. Rb8+ Kc5 42. Rc8+ Kb5 43. Rb8+ Kc4 44. Rc8+ Kb3 45. Rg8 g6 46. Rb8 Kc3 47. Rc8+ Kb2 48. Rb8 b3 49. Rc8 Ka2 50. Ra8+ Kb1 51. Rb8 b2 52. g4 hxg4 53. hxg4 Ra7 54. Kd2 Ka2 55. Kc2 Rc7+ 56. Kd2 b1Q 57. Ra8+ Kb2 58. Rb8+ Ka1 59. Ra8+ Qa2+ 60. Rxa2+ Kxa2 0-1